Information bounds for the conditional hazard ratio in a nested family of regression models.
Konštrukcia informačných väzieb vo vnorenej skupine modelov podmienečnej distribúcie prežitia. Vychádza sa z plne parametrického Weibullovho modelu. Využíva sa aj Coxov model, i jeho stratifikovaná verzia.
Saved in:
| Main Author: | |
|---|---|
| Format: | Book Chapter |
| Language: | English |
| Subjects: | |
| Tags: |
No Tags, Be the first to tag this record!
|
MARC
| LEADER | 00000naa a2200000 4500 | ||
|---|---|---|---|
| 001 | r011760 | ||
| 005 | 20221213085054.8 | ||
| 041 | 0 | |a eng | |
| 044 | |a GB | ||
| 245 | 1 | 0 | |a Information bounds for the conditional hazard ratio in a nested family of regression models. |c P. Sasieni |
| 520 | |a Konštrukcia informačných väzieb vo vnorenej skupine modelov podmienečnej distribúcie prežitia. Vychádza sa z plne parametrického Weibullovho modelu. Využíva sa aj Coxov model, i jeho stratifikovaná verzia. | ||
| 610 | 2 | 0 | |a modely regresné |
| 610 | 2 | 0 | |a metódy matematicko-štatistické |
| 100 | 1 | |a Sasieni, P. | |